000 00232 a2200097 4500
001 15081
100 _aFitzgibbon . Russelh
245 _aUruguay portrait of a democracy
260 _aLondon
_bGeorge Philip
_c
090 _c11836
_d11836
942 _aNUST-CAE
_cM
_c2043
999 _c250154
_d250154